000 00566nam a2200169Ia 4500
008 240729s9999 xx 000 0 und d
022 _a2008-2207
245 0 _aInternational Journal of Hematology-Oncology and Stem Cell Research
260 _aIran, Islamic Republic of
260 _bTehran University of Medical Sciences
650 _a Internal medicine
650 _a Neoplasms. Tumors. Oncology. Including cancer and carcinogens
650 _aMedicine
856 _uhttps://doaj.org/toc/1f597c918a0d46ceb805226e3945eca8
942 _2ddc
942 _cDOAJEJ
999 _c72992
_d72992
945 _a1
_bMadushi Gamage
_c1
_dMadushi Gamage